000 00721nam a22002055i 4500
001 157156
003 ES-MaACL
005 20250801034205.0
008 040809s1864 fr |||| | fre d
040 _aCAM
_bspa
_cCAM
100 1 _aLarroque, Patrice.
_9128708
245 1 0 _aExamen critique des doctrines de la religion chrétienne /
_cpar Patrice Larroque.
250 _a3e. éd.
260 _aParis :
_bLibrairie Internationale :
_bA. Lacroix, Verboeckhoven et Cie.,
_c1864 (
_fImprimerie de Pompart-Davyl et Comp.)
300 _a2 v. ;
_c19 cm.
597 _aT. I (425 p.) -- t. II (456 p.)
650 0 7 _aCristianismo
_2embne
_911425
852 _aES-MaACL
_jD-4624-25
_z-- Enc. hol.
999 _c157156
_d157156